| 000 | 00465nam a2200145Ia 4500 | ||
|---|---|---|---|
| 008 | 191111s9999 xx 000 0 und d | ||
| 020 | _a9781506346922 | ||
| 100 | _aChernotsky, Harry I. | ||
| 245 |
_cHarry I. Chernotsky.-- _aCrossing borders : _binterntaional studies for the 21st century / |
||
| 250 | _a3rd ed | ||
| 260 |
_aUSA : _bSage _c2018 |
||
| 300 | _axxii, 336 pages. | ||
| 650 | _aBoundaries -- social aspects | ||
| 650 | _aGlobalization -- social aspects | ||
| 999 |
_c362646 _d362646 |
||